<?xml version="1.0" encoding="UTF-8"?>
<collection xmlns="http://www.loc.gov/MARC21/slim">
 <record>
  <leader>05494nam a2200517 a 4500</leader>
  <controlfield tag="001">kal3570</controlfield>
  <controlfield tag="003">Gr-AtHEAL</controlfield>
  <controlfield tag="005">20160427125449.0</controlfield>
  <controlfield tag="006">m        d        </controlfield>
  <controlfield tag="008">160413s2015    gr      s           gre|c</controlfield>
  <datafield tag="020" ind1=" " ind2=" ">
   <subfield code="a">9789606031854</subfield>
  </datafield>
  <datafield tag="040" ind1=" " ind2=" ">
   <subfield code="a">GR-AtHEAL</subfield>
   <subfield code="b">gre</subfield>
   <subfield code="c">GR-AtHEAL</subfield>
  </datafield>
  <datafield tag="082" ind1="0" ind2="4">
   <subfield code="a">530</subfield>
   <subfield code="2">23</subfield>
  </datafield>
  <datafield tag="100" ind1="1" ind2=" ">
   <subfield code="a">Σεργάκη, Ελευθερία.</subfield>
   <subfield code="8">1988</subfield>
  </datafield>
  <datafield tag="245" ind1="1" ind2="0">
   <subfield code="a">Εργαστηριακές ασκήσεις φυσικής II</subfield>
   <subfield code="h">[Ηλεκτρονικός πόρος] </subfield>
   <subfield code="b">Για φοιτητές πολυτεχνικών σχολών</subfield>
   <subfield code="c">Σεργάκη, Ελευθερία ; Πετράκης, Παναγιώτης ; Κριτικός αναγνώστης,Σταυρακάκης, Γεώργιος ; Γλωσσική επιμέλεια,Νίκα, Ελένη.</subfield>
  </datafield>
  <datafield tag="260" ind1=" " ind2=" ">
   <subfield code="a">Αθήνα :</subfield>
   <subfield code="b">Σύνδεσμος Ελληνικών Ακαδημαϊκών Βιβλιοθηκών,</subfield>
   <subfield code="c">c2015.</subfield>
  </datafield>
  <datafield tag="490" ind1=" " ind2=" ">
   <subfield code="a">Ακαδημαϊκά Ηλεκτρονικά Συγγράμματα και Βοηθήματα Κάλλιπος</subfield>
   <subfield code="8">40</subfield>
  </datafield>
  <datafield tag="520" ind1=" " ind2=" ">
   <subfield code="a">Η ύλη που καλύπτει αφορά πειραματικές ασκήσεις Φυσικής για την κατανόηση της λειτουργίας βασικών συσκευών και κυκλωμάτων μέτρησης ηλεκτρικών μεγεθών (παλμογράφου, αναλογικών και ψηφιακών πολύμετρων, γέφυρας Wheatstone) και την κατασκευή ηλεκτρικών κυκλωμάτων πάνω σε βάσεις γρήγορης συνδεσμολογίας (bread boards). Μελετώνται σημαντικά ηλεκτρικά - μαγνητικά φαινόμενα, που χρησιμοποιούνται στη σύγχρονη τεχνολογία όπως φαινόμενο συντονισμού σε ηλεκτρικά κυκλώματα, φαινόμενο Hall (αισθητήρες), μετάδοση φωτός σε οπτικές ίνες, χρήση φαινομένων κυματικής οπτικής για τη μέτρηση μηκών και ταχύτητας του ήχου σε υγρά. Περιλαμβάνει πειράματα για την κατανόηση της φύσης του φωτός που ερμηνεύονται από την γεωμετρική οπτική (φακοί, ανάκλαση, διάθλαση) και φαινομένων που επιβεβαιώνουν την κυματική φύση του φωτός (συμβολή, περίθλαση, πόλωση). Περιέχει σημαντικά πειράματα για τους μελλοντικούς μηχανικούς, όπως μέτρησης μήκους με τη βοήθεια του φαινομένου συμβολής, μέτρησης της ταχύτητας του ήχου με οπτικό τρόπο (στάσιμα κύματα), μέτρησης οπτικά ενεργών διαλυμάτων (πόλωση), μέτρησης της σταθερής του Plank μέσω του φαινομένου περίθλασης. μελέτη γραμμικών φασμάτων με φασματόμετρο και πείραμα για την κατανόηση της διάδοσης σημάτων μέσω οπτικών ινών και της εφαρμογής τους στις τηλεπικοινωνίες.</subfield>
  </datafield>
  <datafield tag="650" ind1=" " ind2="0">
   <subfield code="a">Physics</subfield>
   <subfield code="x">Problems, exercises</subfield>
   <subfield code="8">2685</subfield>
  </datafield>
  <datafield tag="653" ind1=" " ind2=" ">
   <subfield code="a">Φάση</subfield>
  </datafield>
  <datafield tag="653" ind1=" " ind2=" ">
   <subfield code="a">Άεργη αντίσταση</subfield>
  </datafield>
  <datafield tag="653" ind1=" " ind2=" ">
   <subfield code="a">Συντονισμός</subfield>
  </datafield>
  <datafield tag="653" ind1=" " ind2=" ">
   <subfield code="a">Οπτικές ίνες</subfield>
  </datafield>
  <datafield tag="653" ind1=" " ind2=" ">
   <subfield code="a">Φασματόμετρο</subfield>
  </datafield>
  <datafield tag="653" ind1=" " ind2=" ">
   <subfield code="a">Συμβολόμετρο</subfield>
  </datafield>
  <datafield tag="653" ind1=" " ind2=" ">
   <subfield code="a">Ταχύτητα ήχου</subfield>
  </datafield>
  <datafield tag="653" ind1=" " ind2=" ">
   <subfield code="a">Πόλωση φωτός</subfield>
  </datafield>
  <datafield tag="653" ind1=" " ind2=" ">
   <subfield code="a">Οπτικά φράγματα</subfield>
  </datafield>
  <datafield tag="653" ind1=" " ind2=" ">
   <subfield code="a">Λέιζερ</subfield>
  </datafield>
  <datafield tag="653" ind1=" " ind2=" ">
   <subfield code="a">Συμβολή φωτός</subfield>
  </datafield>
  <datafield tag="653" ind1=" " ind2=" ">
   <subfield code="a">Περίθλαση φωτός</subfield>
  </datafield>
  <datafield tag="653" ind1=" " ind2=" ">
   <subfield code="a">Φακοί</subfield>
  </datafield>
  <datafield tag="653" ind1=" " ind2=" ">
   <subfield code="a">Γεωμετρική οπτική</subfield>
  </datafield>
  <datafield tag="653" ind1=" " ind2=" ">
   <subfield code="a">Ηλεκτρομαγνητική επαγωγή</subfield>
  </datafield>
  <datafield tag="653" ind1=" " ind2=" ">
   <subfield code="a">Μαγνητικό πεδίο</subfield>
  </datafield>
  <datafield tag="653" ind1=" " ind2=" ">
   <subfield code="a">Ηλεκτρικά κυκλώματα</subfield>
  </datafield>
  <datafield tag="653" ind1=" " ind2=" ">
   <subfield code="a">Φυσική</subfield>
   <subfield code="a">Ηλεκτρομαγνητισμός, οπτική, ακουστική, μεταφορά θερμότητας, κλασική μηχανική, ρευστοδυναμική</subfield>
   <subfield code="a">Οπτική</subfield>
   <subfield code="a">Οπτική ινών</subfield>
  </datafield>
  <datafield tag="653" ind1=" " ind2=" ">
   <subfield code="a">Φυσική</subfield>
   <subfield code="a">Ηλεκτρομαγνητισμός, οπτική, ακουστική, μεταφορά θερμότητας, κλασική μηχανική, ρευστοδυναμική</subfield>
   <subfield code="a">Οπτική</subfield>
   <subfield code="a">Γεωμετρική οπτική</subfield>
  </datafield>
  <datafield tag="653" ind1=" " ind2=" ">
   <subfield code="a">Φυσική</subfield>
   <subfield code="a">Ηλεκτρομαγνητισμός, οπτική, ακουστική, μεταφορά θερμότητας, κλασική μηχανική, ρευστοδυναμική</subfield>
   <subfield code="a">Ηλεκτρομαγνητισμός</subfield>
  </datafield>
  <datafield tag="700" ind1="1" ind2=" ">
   <subfield code="a">Πετράκης, Παναγιώτης</subfield>
   <subfield code="e">Συγγραφέας</subfield>
   <subfield code="8">1989</subfield>
  </datafield>
  <datafield tag="700" ind1="1" ind2=" ">
   <subfield code="a">Σταυρακάκης, Γεώργιος</subfield>
   <subfield code="e">Κριτικός αναγνώστης</subfield>
   <subfield code="8">1990</subfield>
  </datafield>
  <datafield tag="856" ind1="4" ind2="0">
   <subfield code="u">http://hdl.handle.net/11419/3570</subfield>
   <subfield code="z">Πλήρες Κείμενο - Full text</subfield>
  </datafield>
  <datafield tag="907" ind1=" " ind2=" ">
   <subfield code="a">.b25678358</subfield>
   <subfield code="b">12-06-18</subfield>
   <subfield code="c">29-07-16</subfield>
  </datafield>
  <datafield tag="949" ind1=" " ind2=" ">
   <subfield code="0">0</subfield>
   <subfield code="1">0</subfield>
   <subfield code="2">ddc</subfield>
   <subfield code="4">0</subfield>
   <subfield code="6">530_000000000000000_ΣΕΡ</subfield>
   <subfield code="7">0</subfield>
   <subfield code="8">KALL</subfield>
   <subfield code="8">594</subfield>
   <subfield code="d">2016-04-13</subfield>
   <subfield code="r">2016-04-13</subfield>
   <subfield code="w">2016-04-13</subfield>
   <subfield code="z">530 ΣΕΡ</subfield>
   <subfield code="o">SEAB KALLIPOS</subfield>
  </datafield>
  <datafield tag="998" ind1=" " ind2=" ">
   <subfield code="a">80</subfield>
   <subfield code="a">01</subfield>
   <subfield code="a">02</subfield>
   <subfield code="a">03</subfield>
   <subfield code="a">04</subfield>
   <subfield code="a">05</subfield>
   <subfield code="a">06</subfield>
   <subfield code="a">07</subfield>
   <subfield code="a">08</subfield>
   <subfield code="a">09</subfield>
   <subfield code="a">10</subfield>
   <subfield code="a">11</subfield>
   <subfield code="a">12</subfield>
   <subfield code="a">13</subfield>
   <subfield code="a">14</subfield>
   <subfield code="a">15</subfield>
   <subfield code="a">16</subfield>
   <subfield code="a">17</subfield>
   <subfield code="a">18</subfield>
   <subfield code="a">19</subfield>
   <subfield code="a">20</subfield>
   <subfield code="a">21</subfield>
   <subfield code="a">22</subfield>
   <subfield code="a">23</subfield>
   <subfield code="a">24</subfield>
   <subfield code="a">25</subfield>
   <subfield code="a">26</subfield>
   <subfield code="b">11-05-17</subfield>
   <subfield code="c">m</subfield>
   <subfield code="d">z  </subfield>
   <subfield code="e">-</subfield>
   <subfield code="f">gre</subfield>
   <subfield code="g">gr </subfield>
   <subfield code="h">0</subfield>
  </datafield>
  <datafield tag="942" ind1=" " ind2=" ">
   <subfield code="2">ddc</subfield>
   <subfield code="c">KALLIPOS</subfield>
  </datafield>
 </record>
</collection>
